Pedro Poveda : (Record n. 21101)

Dettagli MARC
000 -LEADER
fixed length control field 00605nam a2200193 i 4500
003 - CONTROL NUMBER IDENTIFIER
control field IT-RoINE
005 - DATE AND TIME OF LATEST TRANSACTION
control field 20171103103504.0
008 - FIXED-LENGTH DATA ELEMENTS--GENERAL INFORMATION
fixed length control field 960922s1981 sp r dspa d
020 ## - INTERNATIONAL STANDARD BOOK NUMBER
International Standard Book Number 8430045392
040 ## - CATALOGING SOURCE
Original cataloging agency SpMaBN
Language of cataloging spa
Transcribing agency CDM IT-RoINE
Modifying agency IT-RoINE
245 10 - TITLE STATEMENT
Title Pedro Poveda :
Remainder of title artículos para el proceso apostólico.
260 ## - PUBLICATION, DISTRIBUTION, ETC. (IMPRINT)
Place of publication, distribution, etc Madrid :
Name of publisher, distributor, etc Secretariado Pedro Poveda,
Date of publication, distribution, etc 1981.
300 ## - PHYSICAL DESCRIPTION
Extent 157 p. :
Other physical details 1 retr. ;
Dimensions 20 cm.
336 ## - CONTENT TYPE
Source rdacontent
Content type term text
337 ## - MEDIA TYPE
Source rdamedia
Media type term unmediated
338 ## - CARRIER TYPE
Source rdacarrier
Carrier type term volume
600 04 - SUBJECT ADDED ENTRY--PERSONAL NAME
9 (RLIN) 1822
Personal name Pedro Poveda,
Titles and other words associated with a name Santo,
Dates associated with a name 1874-1936
General subdivision Biografía
942 ## - ADDED ENTRY ELEMENTS (KOHA)
Item type Monografías
Dati di copia
Withdrawn status Lost status Damaged status Not for loan Home library Current library Date acquired Total Checkouts Full call number Barcode Date last seen Price effective from Koha item type
        Iglesia Nacional Española en Roma Iglesia Nacional Española en Roma 03/11/2017   NOVALÍN 42 NOV-0042 03/11/2017 03/11/2017 Monografías